| 000 | 00720nam a2200217 a 4500 | ||
|---|---|---|---|
| 005 | 20191224041539.0 | ||
| 008 | 140221b1998 -Us||||| |||| 00| 0 fre d | ||
| 040 |
_aCO-BoIAVH _cCO-BoIAVH |
||
| 041 | _afre | ||
| 044 | _afr | ||
| 082 |
_a333.953413 _bW97d |
||
| 110 | _bWorld Wildlife Fund | ||
| 245 |
_aMesures pour maitriser l'acces aux ressources, et assurer le partage des benefices qui en decoulent _bla situation dans dix pays |
||
| 260 |
_aWashington _bWWF International _c1998 |
||
| 300 | _a82 páginas | ||
| 650 | 1 | 6 | _aBiodiversidad |
| 650 | 1 | 6 | _aUso de biodiversidad |
| 650 | 1 | 6 | _aConservación y uso sostenible |
| 650 | 1 | 6 | _aAcceso a recursos genéticos |
| 942 |
_cLIBRO _2ddc |
||
| 999 |
_c707 _d707 |
||